[Event "Bad Endbach"]
[Site "Bad Endbach"]
[Date "1995.??.??"]
[Round "?"]
[White "Kaminski, Marcin"]
[Black "Tischbierek, Raj"]
[Result "0-1"]
[WhiteElo "2455"]
[BlackElo "2520"]
[Annotator "Tischbierek,R"]
[PlyCount "77"]
[EventDate "1995.04.??"]
[EventType "tourn"]
[EventRounds "11"]
[EventCountry "GER"]
[EventCategory "11"]
[SourceTitle "CBM 047"]
[Source "ChessBase"]
[SourceDate "1995.08.01"]
[SourceVersion "1"]
[SourceVersionDate "1995.08.01"]
[SourceQuality "1"]

1. e4 c5 2. Nf3 Nc6 3. d4 cxd4 4. Nxd4 Nf6 5. Nc3 d6 6. Bg5 e6 7. Qd2 a6 8.
O-O-O Bd7 9. f3 h6 $6 10. Be3 Qc7 11. Kb1 Be7 12. g4 Ne5 13. h4 b5 14. Bd3 b4
15. Nce2 d5 $8 16. g5 dxe4 17. gxf6 exd3 18. fxe7 $6 (18. fxg7 $1 dxc2+ (18...
Rg8 $5) 19. Nxc2 Rg8 20. Bf4 $36) 18... dxe2 19. Qxe2 Ng6 20. Qg2 Rc8 21. h5
Nxe7 22. Qxg7 Rg8 23. Qh7 (23. Qxh6 e5 $36) 23... e5 24. Rhg1 $2 $138 (24. Rhe1
$1 $8 Bf5 $1 $8 25. Nxf5 Qxc2+ 26. Ka1 Qxf5 27. Qxh6 f6 $13) 24... exd4 $1 $19
25. Rxg8+ Nxg8 26. Bxd4 $8 Ke7 $1 27. b3 Be6 28. Qe4 Qc6 29. Qh4+ Ke8 30. Rd2
Ne7 31. Qf6 Bd5 32. Qg7 Qe6 33. Kb2 a5 34. f4 a4 35. bxa4 Qe1 36. Rf2 Nf5 37.
Qh8+ Kd7 38. Qe5 Qxe5 39. Bxe5 $138 0-1

[Event "Presidents Cup "]
[Site "Elista"]
[Date "1998.05.10"]
[Round "2.1"]
[White "Tiviakov, Sergei"]
[Black "Gelfand, Boris"]
[Result "1/2-1/2"]
[WhiteElo "2640"]
[BlackElo "2675"]
[Annotator "Tiviakov,S"]
[PlyCount "40"]
[EventDate "1998.05.07"]
[EventType "k.o."]
[EventRounds "6"]
[EventCountry "RUS"]
[SourceTitle "CBM 065"]
[Source "ChessBase"]
[SourceDate "1998.08.06"]
[SourceVersion "1"]
[SourceVersionDate "1998.08.06"]
[SourceQuality "1"]

1. e4 c5 2. Nf3 d6 3. d4 cxd4 4. Nxd4 Nf6 5. Nc3 Nc6 6. Bg5 e6 7. Qd2 Be7 8.
O-O-O Nxd4 9. Qxd4 a6 10. f4 b5 11. Bxf6 gxf6 12. f5 Qa5 $1 (12... Qc7) 13. Kb1
Bb7 $146 (13... b4 14. Ne2 e5 15. Qe3 (15. Qd2 $5 {/\Ng3, Bc4}) (15. Qd3 $5 {
/\Nc1}) 15... Bb7 16. Ng3 (16. Nc1 $5) 16... d5 17. Bd3 O-O-O (17... d4 $5) 18.
Qe2 h5 19. exd5 h4 20. Ne4 Rxd5 21. Bc4 Rxd1+ 22. Rxd1 Rd8 23. Rd2 Kb8 24. Qe3
Kc7 25. g4 Qb6 {1/2-1/2 Khalifman,Alexander-Hracek,Zbygnev/Yerevan 1996}) 14.
Bd3 b4 15. Ne2 e5 16. Qf2 (16. Qe3 $5 d5 17. Ng3 {- 13...b4 14.Ne2 e5 15.Qe3
Bb7 16.Ng3 d5 17.Bd3} (17. exd5 Bxd5 {><a2, g2}) (17. Nc1 d4 $13)) 16... Qc5 $1
(16... d5 17. exd5 Bxd5 18. Nc1 $14) 17. Rhf1 (17. Qxc5 dxc5 $15 {^^}) 17...
Qxf2 18. Rxf2 Bd8 (18... h5 $5) 19. Ng3 Bb6 20. Re2 {[/\21.Bc4]} Rc8 $11
1/2-1/2

[Event "Beersheba-Peterburg Kings m"]
[Site "St Petersburg"]
[Date "1999.06.06"]
[Round "2"]
[White "Yemelin, Vasily"]
[Black "Greenfeld, Alon"]
[Result "1-0"]
[WhiteElo "2550"]
[BlackElo "2521"]
[Annotator "Tsesarsky,I"]
[PlyCount "73"]
[EventDate "1999.06.??"]
[EventType "schev"]
[EventRounds "10"]
[EventCountry "RUS"]
[SourceTitle "CBM 072"]
[Source "ChessBase"]
[SourceDate "1999.10.01"]
[SourceVersion "1"]
[SourceVersionDate "1999.10.01"]
[SourceQuality "1"]

{[%mdl 8192]} 1. e4 c5 2. Nf3 Nc6 3. d4 cxd4 4. Nxd4 Nf6 5. Nc3 d6 6. Bg5 e6 7.
Qd2 a6 8. O-O-O h6 9. Bf4 Bd7 10. Nxc6 Bxc6 11. Qe1 Be7 12. h4 Qc7 13. f3 O-O-O
(13... b5 14. Bd3 (14. Kb1 b4 15. Ne2 O-O (15... e5 $132) 16. Nd4 Bb7 17. Bd2
d5 18. e5 Nd7 19. f4 a5 20. Bb5 Ba6 21. Bxd7 Qxd7 22. g4 Bc5 23. Be3 Rfc8 $132
{0-1 Nunn,J-Wilder,M/London 1987 (43)}) 14... b4 (14... Nd7 15. Qg3 Bf8 $14) (
14... Rc8 15. Kb1 b4 16. Ne2 Bb5 17. Bxb5+ axb5 18. Qd2 O-O 19. g4 Nd7 20. g5
h5 21. g6 fxg6 22. Nd4 Nc5 23. Be3 Ra8 24. Rhg1 Rxa2 25. Qxb4 (25. Kxa2 Ra8+
26. Kb1 Qa7 27. c3 b3 28. Nxb3 Qa2+ 29. Kc2 Qxb3+ 30. Kb1 Qa2+ 31. Kc2 Na4 32.
Rb1 Rc8 33. Kc1 b4 $19) 25... Rfa8 $19 {0-1 Livie-Fernandez/cr ch Eu 1990 (39)}
) (14... e5 15. Bd2 Nd7 16. Kb1 Rc8 17. Nd5 Bxd5 18. exd5 Nb6 19. f4 Nc4 20.
Bc3 O-O 21. fxe5 dxe5 22. Bxc4 Qxc4 23. d6 Bf6 24. d7 Rc7 25. Bxe5 Qxc2+ 26.
Ka1 Rxd7 27. Rxd7 Re8 28. Qd1 (28. Bxf6 Rxe1+ 29. Rxe1 gxf6 30. Rdd1 $11) 28...
Qxd1+ 29. Rhxd1 Rxe5 30. g3 $14 {1/2-1/2 Yemelin,V-Sargissian,G/Novgorod RUS
1999 (78)}) 15. Ne2 Qb6 (15... e5 16. Bd2 d5 17. Ng3 $11) 16. g4 d5 (16... Nd7
17. g5 Ne5 18. Kb1 a5 (18... Nxf3 19. Qg3 Ne5 20. gxh6 gxh6 21. Bxe5 dxe5 22.
Qg7 Rf8 23. Qxh6 $14) 19. Bxe5 dxe5 20. Qg3 Qc5 21. Nc1 $132 (21. f4 exf4 22.
Nxf4 hxg5 23. hxg5 Rxh1 24. Rxh1 Qxg5 $17 {0-1 Wolff,P-Fedorowicz,J/New York
exh ,EXT 1989 (34)}) (21. gxh6 g6 22. h5 Rxh6 23. hxg6 Rxg6 24. Rh8+ Bf8 25.
Qh2 Rd8 $11)) 17. g5 Nh5 (17... dxe4 18. gxf6 exd3 19. fxe7 dxe2 20. Qxe2 Qb7
21. Qe5 $44 (21. Bd6 Bxf3 22. Qe5 Bxd1 23. Rxd1 Rg8 24. Bxb4 Qc6 25. Rd8+ Rxd8
26. exd8=Q+ Kxd8 27. Qb8+ Qc8 28. Qd6+ Qd7 29. Qb8+ Qc8 $11)) 18. Bd2 dxe4 (
18... Bb5 19. gxh6 gxh6 20. Nf4 Nxf4 21. Bxf4 $11) 19. fxe4 hxg5 20. hxg5 Qa5 (
20... Bb5 21. Nf4 g6 $11) 21. Kb1 g6 $132 {1-0 Fedorowicz,J-Dlugy,M/London
1987/Inf 44 (43)}) 14. Bc4 Nd7 15. Qg3 b5 16. Bb3 Nc5 17. a3 (17. Qxg7 b4 (
17... Rdg8 18. Qxf7 Rf8 19. Bxe6+ Kb7 (19... Kb8 20. Qxe7 Qxe7 21. Bxd6+ $18) (
19... Kd8 20. Bxd6 (20. Qh5 Nxe6 21. Bxd6 Bxd6 22. e5 Nf4 23. exd6 Nxh5 24.
dxc7+ Kxc7 $15) 20... Bxd6 21. Qxc7+ Kxc7 22. Nd5+ Bxd5 23. Bxd5 $14) 20. Bxd6
Bxd6 21. Qxc7+ Bxc7 22. Bd5 $16) 18. Ne2 e5 19. Be3 (19. Qxf7 exf4 20. Qxf4 $15
{0-1 Watson,W-Gaprindashvili,N/Brussels Ohra tt 1987 (53)}) 19... Nxb3+ 20.
axb3 Rdg8 21. Qxf7 Rxg2 22. Rd2 Bb5 23. Qe6+ Kb8 24. c4 $16) 17... g6 18. Kb1 (
18. Ba2) 18... g5 19. hxg5 hxg5 20. Be3 (20. Rxh8 Rxh8 21. Bxd6 Bxd6 22. Qxd6
Nxb3 23. cxb3 Qxd6 24. Rxd6 Kc7 25. Rd2 $14) 20... Rxh1 21. Rxh1 Bf6 22. Qf2 (
22. Rh6 Qe7 23. Rh7 (23. Bxc5 dxc5 24. e5 Bh8 25. Rh7 c4 26. Qh2 Qf8 27. Ba2
Qg8 $17 {[%csl Ra2]}) 23... Nxb3 24. cxb3 Bb7 $132) 22... g4 23. Ne2 gxf3 24.
gxf3 Bb7 25. Ba2 Na4 26. Nd4 (26. Rh7 d5 27. Bb3 Nxb2 (27... Rh8 28. Rxh8+ Bxh8
29. Bxa4 bxa4 30. exd5 Bxd5 31. Bd4 Bxd4 32. Qxd4 (32. Nxd4 Qf4 $17) 32... Bxf3
33. Nc3 Bc6 $15) 28. Bb6 Qe7 29. Bxd8 Kxd8 30. exd5 $16) 26... d5 27. Rh6 (27.
exd5 Bxd5 28. Bxd5 Rxd5 29. Rh6 Qd8 30. c3 $11) 27... Bxd4 28. Bxd4 dxe4 29.
fxe4 Bxe4 30. Bb3 e5 31. Be3 f5 $6 (31... Bg6 32. Rh1 $15) 32. Rxa6 Rd1+ 33.
Ka2 Nc3+ $4 $18 {The quality of game appreciablly has decreased. The probably
both parties lacked time.} (33... f4 34. Qe2 Rd7 35. Bg1 Qb7 36. Ra7 Qc6 37.
Rxd7 f3 $1 (37... Kxd7 38. Qg4+ Kc7 39. Qg7+ Kd8 40. Qxe5 Bxc2 41. Bd5 $16) 38.
Qe3 Kxd7 $132) 34. bxc3 Qxc3 35. Be6+ $4 (35. Bc1 $1 Rxc1 36. Be6+ Kd8 37. Qh4+
Ke8 38. Qh8+ Ke7 39. Qg7+ $18) 35... Kd8 $4 (35... Kb7 36. Ra7+ Kb8 37. Bc1 $1
Qd4 38. Qxd4 exd4 39. Ra5 Rxc1 40. Rxb5+ Kc7 41. Bxf5 $11) 36. Qh4+ Ke8 37.
Qh8+ 1-0

[Event "EU-ch 2nd"]
[Site "Ohrid"]
[Date "2001.06.06"]
[Round "6"]
[White "Sulskis, Sarunas"]
[Black "Izoria, Zviad"]
[Result "1-0"]
[WhiteElo "2530"]
[BlackElo "2489"]
[Annotator "Tsesarsky,I"]
[PlyCount "51"]
[EventDate "2001.06.01"]
[EventType "swiss"]
[EventRounds "13"]
[EventCountry "YUG"]
[SourceTitle "CBM 084"]
[Source "ChessBase"]
[SourceDate "2001.09.13"]
[SourceVersion "1"]
[SourceVersionDate "2001.09.13"]
[SourceQuality "1"]

1. e4 c5 2. Nf3 d6 3. d4 cxd4 4. Nxd4 Nf6 5. Nc3 Nc6 6. Bg5 e6 7. Qd2 Qb6 {
Rare move.} ({Mainlines are:} 7... Nxd4) (7... h6) ({and} 7... Be7) 8. O-O-O {
Simple and strong} ({Another possibilities are worse:} 8. Bxf6 $6 gxf6 9. Nb3 (
9. O-O-O Nxd4 10. Qxd4 Qxd4 11. Rxd4 a6 12. Bc4 b5 13. Be2 Rg8 14. g3 Rg5 15.
f4 Rc5 16. Rhd1 Bb7 $132 {1-0 Rosas,R-Villanueva,M/Mexico 1999/EXT 2000 (24)})
9... a6 10. O-O-O Bd7 (10... Qc7 11. f4 h5 12. Kb1 h4 13. Bd3 Bd7 14. Rhf1
O-O-O 15. Rf3 Be7 16. Rh3 Rdg8 17. Qf2 b5 18. Rxh4 Rxh4 19. Qxh4 Rxg2 20. Qh7
$16 {1/2-1/2 Moshina,C-Demina,J/Warsaw POL 2001/The Week in Chess 338 (36)})
11. f4 O-O-O 12. Be2 h5 13. Rhf1 Na5 14. Kb1 Nxb3 15. axb3 Kb8 $132 {1-0
Beliavsky,A-Ivanov,A/Ashkhabad 1978/MCL (43)}) (8. Be3 $6 Qxb2 9. Rb1 Qa3 10.
Bb5 Bd7 11. O-O Qa5 $15 {1/2-1/2 Sivokho,S-Ionov,S/St Petersburg 2000/CBM 77 
(69)}) 8... a6 (8... Qxd4 $1 9. Qxd4 Nxd4 10. Rxd4 a6 {This endgame evaluation
is very important for whole opening variation 7...Qb6 evaluation.} 11. f3 (11.
Be2 Bd7 12. f4 (12. Rhd1 Bc6 13. f4 Be7 14. Bf3 h6 15. Bh4 g5 16. fxg5 Nd7 17.
Bg3 hxg5 18. h3 Ne5 19. Be2 O-O $132 {0-1 Kinsic,O-Izoria,Z/Baku 2000/EXT 2001
(31)}) 12... Bc6 13. Bf3 h6 14. Bh4 Rg8 15. Bg3 g5 16. fxg5 hxg5 17. Bxd6 g4
18. Be2 O-O-O 19. e5 Bxd6 20. exd6 Bxg2 21. Rg1 e5 22. d7+ (22. Rd2 Bf3 $132)
22... Kc7 $132 {1/2-1/2 Berrocal,J-Bouaziz,S/Dubai 1986/TD (25)}) (11. Bxf6
gxf6 12. Na4 Bd7 $1 (12... d5 13. exd5 b5 14. Nc3 Bb7 15. dxe6 fxe6 16. Rg1 f5
17. g3 $16 {1/2-1/2 Dutreeuw,M-Gonzalez Garcia,J/Istanbul 2000/EXT 2001 (67)})
(12... Rg8 13. Nb6 Rb8 14. g3 Rg5 15. Bg2 Bd7 16. Nc4 Bc6 17. Nxd6+ Bxd6 18.
Rxd6 $16 {1-0 Yemelin,V-Shushpanov,R/Tomsk RUS 2001/The Week in Chess 341 (50)}
) 13. Nb6 Rd8 14. Nxd7 Rxd7 15. Be2 Ke7 16. Rhd1 Bg7 17. R4d3 Rc8 18. Rh3 h6
19. f4 Rdc7 $132 {1/2-1/2 Ciuksyte,Z-Demina,J/Warsaw POL 2001/The Week in
Chess 338 (48)}) 11... Bd7 12. Bc4 (12. Rd2 Bc6 13. Be2 Be7 14. Bf4 d5 $11 {
1/2-1/2 Prandstetter,E-Sherbakov,R/Pardubice 1999/EXT 2000 (17)}) 12... Bc6 (
12... Be7 13. Bb3 Bc6 14. Kb1 Rd8 15. Rhd1 h6 16. Be3 O-O 17. R4d2 Rd7 18. a3
b5 19. Ne2 Rc7 (19... Rc8 20. Nd4 Rdc7 21. Nxc6 Rxc6 22. Bf4 $14 {1-0 Short,
N-Ivanov,I/Brighton 1983/MCL (42)}) 20. Nd4 Bb7 21. Bxe6 fxe6 22. Nxe6 Rfc8 23.
Nxc7 Rxc7 24. Bf4 Ne8 25. e5 d5 $14) 13. Rhd1 Be7 14. Bh4 O-O 15. Bg3 Ne8 16.
a4 Bg5+ 17. Kb1 Bf6 18. R4d3 Bxc3 19. Rxc3 Bxa4 20. Bxd6 Nxd6 21. Rxd6 Rfd8 $11
{0-1 Zenklusen,R-Izoria,Z/Aviles 2000/CBM 77 ext (41)}) (8... Bd7 $2 9. Ncb5 $2
(9. Ndb5 Rd8 10. f4 a6 11. Na3 $16 {[%csl Rb6,Rd6][%cal Ga3c4]}) 9... d5 (9...
Nxe4 $17) 10. Bxf6 gxf6 11. exd5 $16 {1-0 Rodriguez,M-Albornoz,R/Santiago de
Chile 1997/EXT 98 (14)  Conclusion: Black can play this endgame without
problems, and this way of White opening advantage neutaralizing can be
recommended!}) 9. Be2 Be7 ({Here also Black can play} 9... Nxd4 10. Qxd4 Qxd4
11. Rxd4 Bd7 $132 {but Izoria wants to play something more complicated with
chances to win...}) 10. Be3 Qc7 {This position also can be created in another
opening variation: White plays Bc1-e3 and Black plays Qd8-c7 without tempo
loss.} 11. g4 $1 b5 (11... Nxd4 12. Qxd4 e5 13. Qa4+ Bd7 14. Bb5 Rc8 15. Nd5
Nxd5 16. Bxd7+ Qxd7 17. Qxd7+ Kxd7 18. Rxd5 h5 19. g5 $14) 12. g5 Nd7 13. Nf5
$1 {[%mdl 512] Excellent positional piece sacrifice! Positon became very
complicated.} exf5 14. Nd5 Qb7 (14... Qd8 15. exf5 (15. Qc3 Nc5 16. Qxg7 Rf8
17. exf5 Bxf5 18. Bf3 Rc8 19. Bxc5 Ne5 (19... dxc5 20. Rhe1 $18) 20. Qxe5 dxe5
21. Nxe7 Qxe7 22. Bxe7 Rxc2+ $19) 15... O-O 16. f6 gxf6 17. gxf6 Bxf6 (17...
Nxf6 18. Bb6 Qd7 19. Rhg1+ Kh8 20. Qh6 $18) 18. Nxf6+ Qxf6 19. Rhg1+ Kh8 20.
Bg5 Qe5 $8 21. Bf3 $16) 15. exf5 Nde5 (15... Bd8 16. Rhg1 Nce5 17. f4 Nc4 18.
Bxc4 bxc4 19. Qd4 O-O 20. f6 g6 21. Qxc4 Rb8 22. Qc3 Re8 23. Rge1 $44) 16. f4
Bxf5 $6 {Black decides to return piece.} ({Complicated position after} 16...
Nc4 $1 {-can be recommended, but at the board with clock tick it wasn't easy
to accept proper decision...} 17. Bxc4 bxc4 18. Bd4 (18. Nxe7 $2 Nxe7 19. f6
gxf6 20. Qxd6 (20. Bd4 Rg8 21. Bxf6 Nf5 22. Rhe1+ Be6 23. Qe2 Rc8 24. Qh5 {
[%csl Re6,Rh7]} Kf8 $17) 20... Be6 $17 {[%cal Ge7f5]}) 18... Nxd4 (18... Bxf5
19. Bxg7 Rg8 20. Nf6+ Bxf6 21. Bxf6 $16 {[%csl Re8][%cal Gf6b2,Gh1e1]}) 19.
Qxd4 O-O (19... Bxf5 20. Rhe1 Be6 21. Qxg7 Rf8 (21... O-O-O 22. Nxe7+ Qxe7 23.
f5 $16 {[%csl Rc8]}) 22. Nxe7 Qxe7 23. f5 $16 {[%csl Re8]}) 20. f6 (20. Nxe7+
Qxe7 21. f6 Qc7 22. fxg7 Re8 $17) 20... Bd8 $8 21. fxg7 (21. Rhe1 g6 22. Ne7+ (
22. f5 Bxf5 23. Qh4 Rb8 24. b3 cxb3 $19) (22. Qf2 Be6 23. Qh4 h5 $19) 22...
Bxe7 23. Rxe7 Qb5 24. Qxd6 Bf5 $17) 21... Re8 22. Rhe1 Rxe1 23. Rxe1 Be6 24.
Nf6+ Bxf6 25. gxf6 $13) 17. fxe5 dxe5 18. Rhf1 Be4 ({White leaves with serious
advantage also in case of} 18... Be6 $6 19. Bf3 Rc8 20. Qg2 {Threatening Nxe7+/
-} Bxd5 21. Bxd5 {[%csl Rf7]} Rf8 {[%csl Re8]} (21... O-O 22. g6 $16) 22. Qh3
$16 {[%csl Re8,Rh7][%cal Gh3h7]}) 19. Nxe7 Qxe7 $6 $16 ({Much better is} 19...
Nxe7 20. Bc5 O-O 21. Bg4 Bc6 22. h4 Rfe8 23. h5 $14 {[%cal Gh5h6] with
positional threat h5-h6.}) 20. Bc5 $1 {[%csl Re8] this position is in White
favour: black K got stuck in the center and is vulnerable.} Qe6 (20... Qxc5 $4
21. Qd7+ Kf8 22. Qxf7#) 21. Qe3 Bd5 $2 $18 {Overlooking next strong move.} ({
More stubborn was} 21... Bg2 22. Rg1 (22. Rd6 Qxa2 23. Bf3 Bxf3 24. Qxf3 O-O
25. Rxc6 $16) 22... Qxa2 23. Rxg2 Qa1+ 24. Kd2 Qxb2 25. Qe4 Rd8+ 26. Bd3 $16)
22. Bh5 $1 {[%csl Re8]} Nd8 (22... g6 23. Rf6 gxh5 24. Rxe6+ Bxe6 25. Rd6 $18)
23. Rxd5 (23. h3 $18 {[%cal Gh5g4]}) 23... Qxd5 24. Bf3 Qxa2 25. Qxe5+ Qe6 26.
Qxg7 1-0